000
00439nam a2200133Ia 4500
008
100328s9999 xx 000 0 und d
082
_b
54200
100
_a
शेकटकर मु.रं.
245
_a
घरगुती इलेक्ट्रिशन
260
_b
उदयम
630
_a
घरगुती इलेक्ट्रिशन
730
_a
घरगुती इलेक्ट्रिशन
942
_c
BOOK
999
_c
540920
_d
540917